000
00349nam a2200145Ia 4500
100
_a
Powis/Ivan etal
942
_c
BK
654
_a
Physics
245
_a
High resolution Laser Photoronization and Photoelectron studies
260
_b
John Wiley
_a
New york
_c
1995
082
_a
537.54
_b
POW
300
_a
509
546
_a
ENGLISH
999
_c
33050
_d
33050